| 000 | 00363nam a22001457a 4500 | ||
|---|---|---|---|
| 008 | 210302b ||||| |||| 00| 0 eng d | ||
| 020 | _a9780840028181 | ||
| 041 | _aeng | ||
| 080 |
_27th _a070 |
||
| 082 | _a070 | ||
| 100 | _a39 | ||
| 101 | _aMED | ||
| 245 |
_aCommunication Mosaics an Introduction to the Field of Communication _cWood, J. T |
||
| 942 |
_2udc _cBK |
||
| 999 |
_c55435 _d55435 |
||